Normal view
MARC view
Entry Geographic Name
001 - CONTROL NUMBER
- control field: 10055
003 - CONTROL NUMBER IDENTIFIER
- control field: ARRUPE
005 - DATE AND TIME OF LATEST TRANSACTION
- control field: 20140502143121.0
008 - FIXED-LENGTH DATA ELEMENTS
- fixed length control field: 140502|| aca||aabn | a|a d
040 ## - CATALOGING SOURCE
- Original cataloging agency: ARRUPE
- Transcribing agency: ARRUPE
151 ## - HEADING--GEOGRAPHIC NAME
- Geographic name: Panama
- General subdivision: Politics and government
- Chronological subdivision: 1946-1981.
670 ## - SOURCE DATA FOUND
- Source citation: Work cat.: (ARRUPE)0: Greene, Graham, 1904-1991. 10050, Getting to know the general :, 1984.